[Event "HEM Meister-Turnier"]
[Site "Frankfurt-Zeilsheim"]
[Date "2018.??.??"]
[Round "6.2"]
[White "Guelsen, Taylan"]
[Black "Lagunow, Raphael"]
[Result "0-1"]
[WhiteElo "2144"]
[BlackElo "2368"]
[PlyCount "116"]
[EventDate "2018.??.??"]
[EventType "swiss"]
[EventRounds "9"]
[EventCountry "GER"]
[WhiteTeam "SG Niederkassel"]
[BlackTeam "SK Zehlendorf"]

1. d4 Nf6 2. c4 g6 3. Nc3 Bg7 4. Bg5 h6 5. Bf4 d6 6. h3 Nfd7 7. e3 e5 8. Bh2
Nc6 9. Nf3 O-O 10. Be2 Ne7 11. Qd2 b6 12. O-O-O Bb7 13. Rhe1 exd4 14. exd4 d5
15. Ne5 Nxe5 16. Bxe5 dxc4 17. Bxg7 Kxg7 18. d5 Nf5 19. Bxc4 Nd6 20. Bb3 Qf6
21. f3 Rad8 22. Ne4 Nxe4 23. fxe4 Qe5 24. Qc3 Rfe8 25. Kc2 Rd6 26. Ba4 Re7 27.
g4 Rf6 28. Qxe5 Rxe5 29. Bb3 Ba6 30. Re3 Rd6 31. Kc3 f6 32. Kd4 Kf8 33. Rc1 c5+
34. Kc3 Ke7 35. a4 f5 36. gxf5 gxf5 37. Rce1 f4 38. Rf3 Rf6 39. Bc4 Bc8 40. Bd3
Kd6 41. Ref1 Rh5 42. Rxf4 Rxf4 43. Rxf4 Rxh3 44. Kd2 Ke5 45. Rf8 Bg4 46. Bf1
Rf3 47. Rxf3 Bxf3 48. Bd3 c4 49. Bb1 h5 50. Ke3 Bh1 51. Kf2 h4 52. Kg1 Bf3 53.
Kh2 Bg4 54. Kg2 a6 55. Bc2 b5 56. axb5 axb5 57. Kf2 b4 58. Bb1 Bd1 0-1

[Event "HEM Meister-Turnier"]
[Site "Frankfurt-Zeilsheim"]
[Date "2018.??.??"]
[Round "6.3"]
[White "Kersten, Uwe"]
[Black "Alber, Horst"]
[Result "1/2-1/2"]
[WhiteElo "2243"]
[BlackElo "2290"]
[PlyCount "39"]
[EventDate "2018.??.??"]
[EventType "swiss"]
[EventRounds "9"]
[EventCountry "GER"]
[WhiteTeam "Kasseler SK"]
[BlackTeam "SK Marburg"]

1. e4 g6 2. d4 d6 3. Bc4 Bg7 4. Nf3 e6 5. Bb3 Ne7 6. O-O O-O 7. Re1 c5 8. c3
cxd4 9. cxd4 Nbc6 10. h3 d5 11. e5 f6 12. exf6 Bxf6 13. Bh6 Rf7 14. Ng5 Bxg5
15. Bxg5 Qb6 16. Bxe7 Nxe7 17. Nc3 Bd7 18. Ba4 Nf5 19. Bxd7 Rxd7 20. Na4
1/2-1/2

[Event "HEM Meister-Turnier"]
[Site "Frankfurt-Zeilsheim"]
[Date "2018.??.??"]
[Round "6.4"]
[White "Zude, Arno"]
[Black "Lutz, Klaus Juergen"]
[Result "1-0"]
[WhiteElo "2372"]
[BlackElo "2251"]
[PlyCount "39"]
[EventDate "2018.??.??"]
[EventType "swiss"]
[EventRounds "9"]
[EventCountry "GER"]
[WhiteTeam "SV Hofheim"]
[BlackTeam "SF Neuberg"]

1. e4 d6 2. d4 Nf6 3. Nc3 c6 4. f4 Qa5 5. Bd3 e5 6. Nf3 exd4 7. Nxd4 g6 8. O-O
Bg7 9. Kh1 O-O 10. f5 Nbd7 11. Qe1 Re8 12. Qh4 d5 13. Bd2 Qc5 14. exd5 Nxd5 15.
Nxd5 Qxd5 16. Ne6 fxe6 17. fxg6 h5 18. Bg5 Rf8 19. Bc4 Qe5 20. Rfe1 1-0

[Event "HEM Meister-Turnier"]
[Site "Frankfurt-Zeilsheim"]
[Date "2018.??.??"]
[Round "6.5"]
[White "Bethke, Richard"]
[Black "Hahn, Florian"]
[Result "1/2-1/2"]
[WhiteElo "2193"]
[BlackElo "2184"]
[PlyCount "45"]
[EventDate "2018.??.??"]
[EventType "swiss"]
[EventRounds "9"]
[EventCountry "GER"]
[WhiteTeam "SF Neuberg"]
[BlackTeam "SC Herborn"]

1. e4 c5 2. Nf3 g6 3. d4 cxd4 4. Nxd4 Bg7 5. Be2 Nc6 6. Nb3 Nf6 7. Nc3 d6 8.
O-O O-O 9. Bg5 Be6 10. Re1 Rc8 11. Bf1 Nd7 12. Qd2 Re8 13. Rab1 Nb6 14. Nd5 Ne5
15. a3 Nec4 16. Bxc4 Nxc4 17. Qe2 Qd7 18. Nf4 Ne5 19. Nxe6 Qxe6 20. Rbd1 Qc4
21. Qxc4 Nxc4 22. Bc1 b5 23. Nd4 1/2-1/2

[Event "HEM Meister-Turnier"]
[Site "Frankfurt-Zeilsheim"]
[Date "2018.??.??"]
[Round "6.6"]
[White "Weber, Samuel"]
[Black "Lesny, Florian"]
[Result "1-0"]
[WhiteElo "2084"]
[BlackElo "2018"]
[PlyCount "85"]
[EventDate "2018.??.??"]
[EventType "swiss"]
[EventRounds "9"]
[EventCountry "GER"]
[WhiteTeam "SV Oberursel"]
[BlackTeam "SK Niederbrechen"]

1. Nf3 c5 2. g3 g6 3. Bg2 Bg7 4. d3 Nc6 5. O-O e6 6. e4 Nge7 7. c3 d5 8. Nbd2
O-O 9. Re1 b6 10. e5 Ba6 11. Qe2 Qc7 12. Nf1 Rad8 13. h4 d4 14. c4 Bb7 15. N1h2
Kh8 16. Bf4 a6 17. h5 Ng8 18. Qd2 h6 19. hxg6 fxg6 20. Ng4 g5 21. Bxg5 hxg5 22.
Qxg5 Qe7 23. Qh5+ Bh6 24. Nxh6 Qh7 25. Ng5 Qxh6 26. Qxh6+ Nxh6 27. Nxe6 Ng4 28.
Nxd8 Rxd8 29. Re4 Ngxe5 30. Rh4+ Kg8 31. Be4 Rd7 32. f4 Nf7 33. a3 Ne7 34. Bh7+
Kg7 35. Re1 Kf6 36. g4 Nd6 37. Rh6+ Kf7 38. Ree6 Ndc8 39. f5 b5 40. b3 bxc4 41.
bxc4 a5 42. Bg6+ Nxg6 43. Rh7+ 1-0

[Event "HEM Meister-Turnier"]
[Site "Frankfurt-Zeilsheim"]
[Date "2018.??.??"]
[Round "6.7"]
[White "Krastev, Alexander"]
[Black "Dorst, Johannes"]
[Result "1-0"]
[WhiteElo "2202"]
[BlackElo "2269"]
[PlyCount "61"]
[EventDate "2018.??.??"]
[EventType "swiss"]
[EventRounds "9"]
[EventCountry "GER"]
[WhiteTeam "Biebertaler SF"]
[BlackTeam "SK Marburg"]

1. e4 c5 2. Nf3 d6 3. Bb5+ Nd7 4. O-O a6 5. Bd3 Ngf6 6. Re1 Ne5 7. Nxe5 dxe5 8.
a4 g6 9. h3 Bg7 10. Bc4 O-O 11. a5 Qd6 12. d3 Nh5 13. Nc3 Nf4 14. Be3 Be6 15.
Na4 Rac8 16. b3 Rc7 17. Qc1 Bd7 18. Qa3 Bxa4 19. Qxa4 Qf6 20. Kh2 Qh4 21. b4
cxb4 22. Qxb4 g5 23. f3 Rc6 24. Qxe7 h5 25. Rf1 Bf6 26. Qxf8+ Kxf8 27. Bf2 Nxg2
28. Bxh4 Nxh4 29. Rab1 Rc7 30. Kg3 Be7 31. Rb3 1-0

[Event "HEM Meister-Turnier"]
[Site "Frankfurt-Zeilsheim"]
[Date "2018.??.??"]
[Round "6.8"]
[White "Everett, Elijah"]
[Black "Ruppert, Wolfgang"]
[Result "1-0"]
[WhiteElo "2160"]
[BlackElo "2165"]
[PlyCount "67"]
[EventDate "2018.??.??"]
[EventType "swiss"]
[EventRounds "9"]
[EventCountry "GER"]
[WhiteTeam "SF Schöneck"]
[BlackTeam "SC Flörsheim"]

1. e4 e6 2. d4 d5 3. Nc3 Nf6 4. e5 Nfd7 5. f4 c5 6. Nf3 Nc6 7. Be3 Be7 8. Qd2
a6 9. dxc5 Bxc5 10. O-O-O b5 11. Kb1 Qb6 12. Bxc5 Nxc5 13. Qe3 Bb7 14. Ne2 g6
15. Ned4 Nd7 16. Be2 Na5 17. b3 Qc5 18. g4 O-O-O 19. f5 exf5 20. gxf5 Rhe8 21.
Qf4 g5 22. Qd2 Nc4 23. bxc4 dxc4 24. e6 Nb6 25. exf7 Rxe2 26. Qxe2 Nd5 27. Ka1
Qa3 28. Nb3 c3 29. Rb1 Nb4 30. Nc1 Bd5 31. Rb3 Bxb3 32. cxb3 c2 33. Qe6+ Kc7
34. Qe7+ 1-0

[Event "HEM Meister-Turnier"]
[Site "Frankfurt-Zeilsheim"]
[Date "2018.??.??"]
[Round "6.9"]
[White "Bonnaire, Ulrich"]
[Black "Meyner, Hannes"]
[Result "0-1"]
[WhiteElo "2208"]
[BlackElo "2181"]
[PlyCount "180"]
[EventDate "2018.??.??"]
[EventType "swiss"]
[EventRounds "9"]
[EventCountry "GER"]
[WhiteTeam "SC Frankfurt-West"]
[BlackTeam "TG Wehlheiden"]

1. e4 c6 2. d4 d5 3. exd5 cxd5 4. Bd3 Nc6 5. c3 Nf6 6. Bf4 Bg4 7. Qb3 Qd7 8.
Nd2 e6 9. Ngf3 Bd6 10. Bxd6 Qxd6 11. O-O O-O 12. Rae1 Bxf3 13. Nxf3 Qc7 14. Bb1
Rfc8 15. Ne5 Nxe5 16. dxe5 Nd7 17. Qc2 Nf8 18. Qd3 Rab8 19. Kh1 b5 20. f4 b4
21. cxb4 Rxb4 22. f5 exf5 23. Qxd5 Rd8 24. Qf3 Rxb2 25. Bxf5 Re8 26. e6 f6 27.
Qd5 Qb7 28. Be4 Qxd5 29. Bxd5 Re7 30. Rf3 Rb6 31. Rfe3 f5 32. h4 g6 33. h5 Kg7
34. hxg6 hxg6 35. g4 Kf6 36. gxf5 gxf5 37. Rh3 Ng6 38. Rf1 Rb4 39. Rhf3 Rh7+
40. Kg1 Rg4+ 41. Kf2 Nf4 42. Bb3 Nxe6 43. Bxe6 Kxe6 44. Ke3 Re4+ 45. Kd3 Rd7+
46. Kc3 Rd5 47. Rh1 Rc5+ 48. Kd3 Ra4 49. Rh6+ Kf7 50. Rf2 Rd5+ 51. Kc3 Rda5 52.
Rb2 Rc5+ 53. Kd3 Rd5+ 54. Kc3 Kg7 55. Rc6 Rd7 56. Rh2 Rg4 57. Rhh6 Rf7 58. Rh2
f4 59. Kd3 f3 60. Rf2 Ra4 61. Rc3 Kg6 62. Ke3 Raf4 63. Rc5 R4f6 64. a4 Re7+ 65.
Kd3 Rd6+ 66. Kc2 Rf7 67. Rc3 Rdf6 68. Rc5 Rf5 69. Rb5 Rxb5 70. axb5 Kg5 71. Kd3
Kf4 72. Kd2 Re7 73. Rh2 Kg3 74. Rh6 Kf2 75. Rg6 Rd7+ 76. Kc2 Ke2 77. Re6+ Kf1
78. Rg6 f2 79. Rg5 Rd4 80. Kc3 Rf4 81. Kd2 Rf7 82. Rg6 Rd7+ 83. Kc2 Rd5 84. Rg7
Ke2 85. Re7+ Kf3 86. Rf7+ Ke3 87. Kc3 Rc5+ 88. Kb4 Rc1 89. Re7+ Kd4 90. Rd7+
Ke5 0-1

[Event "HEM Meister-Turnier"]
[Site "Frankfurt-Zeilsheim"]
[Date "2018.??.??"]
[Round "7.1"]
[White "Kersten, Uwe"]
[Black "Lubbe, Nikolas"]
[Result "1-0"]
[WhiteElo "2243"]
[BlackElo "2453"]
[PlyCount "67"]
[EventDate "2018.??.??"]
[EventType "swiss"]
[EventRounds "9"]
[EventCountry "GER"]
[WhiteTeam "Kasseler SK"]
[BlackTeam "SF Neuberg"]

1. e4 c5 2. Nf3 d6 3. d4 cxd4 4. Nxd4 Nf6 5. Nc3 Nc6 6. Bg5 e6 7. Qd2 a6 8.
O-O-O Bd7 9. f4 Be7 10. Nb3 b5 11. Bxf6 gxf6 12. f5 Qb6 13. fxe6 fxe6 14. Ne2
Ne5 15. Nf4 Nc4 16. Bxc4 bxc4 17. Nd4 e5 18. Nd5 Qxd4 19. Qh6 Qxe4 20. Qg7 Bd8
21. Rhe1 Qh4 22. Nc7+ Bxc7 23. Qxh8+ Ke7 24. Qxa8 c3 25. bxc3 Qa4 26. Qg8 Be6
27. Qxh7+ Bf7 28. Rf1 Qa3+ 29. Kd2 Ba5 30. Rf3 Qxa2 31. Qg7 Ke8 32. Qxf6 Be6
33. Qg7 Bf7 34. Qxf7+ 1-0

[Event "HEM Meister-Turnier"]
[Site "Frankfurt-Zeilsheim"]
[Date "2018.??.??"]
[Round "7.2"]
[White "Lagunow, Raphael"]
[Black "Lubbe, Melanie"]
[Result "1-0"]
[WhiteElo "2368"]
[BlackElo "2312"]
[PlyCount "63"]
[EventDate "2018.??.??"]
[EventType "swiss"]
[EventRounds "9"]
[EventCountry "GER"]
[WhiteTeam "SK Zehlendorf"]
[BlackTeam "SF Neuberg"]

1. Nf3 Nf6 2. c4 g6 3. Nc3 Bg7 4. e4 d6 5. d4 O-O 6. h3 e5 7. d5 Na6 8. Be3 Kh8
9. Nd2 c6 10. g4 Ng8 11. h4 f5 12. f3 fxg4 13. fxg4 Nf6 14. Be2 Nb4 15. Nb3 a5
16. g5 Nh5 17. a3 Ng3 18. Rg1 Nxe2 19. Qxe2 Na6 20. h5 Rf7 21. O-O-O Bd7 22.
hxg6 hxg6 23. dxc6 Bxc6 24. c5 a4 25. Rxd6 Qc7 26. Nd2 b6 27. Rxg6 Nxc5 28.
Bxc5 bxc5 29. Qc4 Qd7 30. Rxc6 Rd8 31. Rh1+ Kg8 32. g6 1-0

[Event "HEM Meister-Turnier"]
[Site "Frankfurt-Zeilsheim"]
[Date "2018.??.??"]
[Round "7.3"]
[White "Zude, Arno"]
[Black "Weber, Samuel"]
[Result "1/2-1/2"]
[WhiteElo "2372"]
[BlackElo "2084"]
[PlyCount "101"]
[EventDate "2018.??.??"]
[EventType "swiss"]
[EventRounds "9"]
[EventCountry "GER"]
[WhiteTeam "SV Hofheim"]
[BlackTeam "SV Oberursel"]

1. e4 e5 2. Nf3 Nc6 3. Bb5 a6 4. Ba4 Nf6 5. O-O Be7 6. Re1 b5 7. Bb3 O-O 8. c3
d5 9. exd5 Nxd5 10. Nxe5 Nxe5 11. Rxe5 c6 12. d3 Bd6 13. Re1 Bf5 14. Qf3 Re8
15. Rxe8+ Qxe8 16. Bd2 Qe5 17. g3 Re8 18. Bxd5 cxd5 19. Be3 Bxd3 20. Nd2 b4 21.
Bf4 Qe2 22. Qxe2 Rxe2 23. Bxd6 Rxd2 24. cxb4 Rxb2 25. a4 Rb1+ 26. Rxb1 Bxb1 27.
Be5 Bc2 28. b5 axb5 29. axb5 Ba4 30. b6 Bc6 31. Bd4 h5 32. f3 f5 33. Kf2 Kf7
34. Ke3 g6 35. Kf4 Ke6 36. Kg5 Kf7 37. h3 Bb7 38. g4 hxg4 39. hxg4 fxg4 40.
Kxg4 Ke6 41. Kf4 Bc6 42. Kg4 Bb7 43. Kg5 Kf7 44. f4 Bc8 45. Bc5 Bb7 46. f5 gxf5
47. Kxf5 Ke8 48. Ke6 Kd8 49. Bd4 Kc8 50. Kd6 Ba8 51. Ke7 1/2-1/2

[Event "HEM Meister-Turnier"]
[Site "Frankfurt-Zeilsheim"]
[Date "2018.??.??"]
[Round "7.4"]
[White "Krastev, Alexander"]
[Black "Humburg, Philipp"]
[Result "1-0"]
[WhiteElo "2202"]
[BlackElo "2219"]
[PlyCount "59"]
[EventDate "2018.??.??"]
[EventType "swiss"]
[EventRounds "9"]
[EventCountry "GER"]
[WhiteTeam "Biebertaler SF"]
[BlackTeam "Kasseler SK"]

1. e4 c6 2. d4 d5 3. Nc3 dxe4 4. Nxe4 Bf5 5. Ng3 Bg6 6. Nf3 e6 7. h4 h6 8. h5
Bh7 9. Bd3 Bxd3 10. Qxd3 Nf6 11. Bd2 c5 12. O-O-O Nc6 13. Be3 Qa5 14. Qb3 O-O-O
15. Ne5 Qc7 16. Qc4 Na5 17. Qa4 b6 18. dxc5 Bxc5 19. Bxc5 Qxc5 20. Nxf7 Qxf2
21. Nxd8 Rxd8 22. Rxd8+ Kxd8 23. Rd1+ Nd5 24. Qe4 Ke7 25. Rxd5 Qxg3 26. Re5 Kd7
27. Rxe6 Qg5+ 28. Kb1 Qxh5 29. b3 Qg5 30. Rg6 1-0

[Event "HEM Meister-Turnier"]
[Site "Frankfurt-Zeilsheim"]
[Date "2018.??.??"]
[Round "7.5"]
[White "Alber, Horst"]
[Black "Guelsen, Taylan"]
[Result "1-0"]
[WhiteElo "2290"]
[BlackElo "2144"]
[PlyCount "85"]
[EventDate "2018.??.??"]
[EventType "swiss"]
[EventRounds "9"]
[EventCountry "GER"]
[WhiteTeam "SK Marburg"]
[BlackTeam "SG Niederkassel"]

1. d4 Nf6 2. c4 e6 3. Nf3 d5 4. Nc3 dxc4 5. e3 Bb4 6. Bxc4 O-O 7. O-O b6 8. Qe2
Bb7 9. a3 Bxc3 10. bxc3 Ne4 11. Bb2 Nd7 12. Bd3 f5 13. c4 Qe8 14. a4 a5 15. Nd2
Nxd2 16. Qxd2 Qh5 17. Be2 Qg5 18. f3 Rad8 19. Rf2 Rfe8 20. Qc3 h5 21. Bf1 h4
22. Re1 Nf6 23. Qc2 Nh5 24. e4 f4 25. Rd1 Ng3 26. Bd3 e5 27. d5 Rd6 28. c5 Rh6
29. Bb5 c6 30. dxc6 Bxc6 31. cxb6 Bxb5 32. Qb3+ Kh7 33. Qxb5 Ree6 34. b7 h3 35.
b8=Q hxg2 36. Rxg2 Qh5 37. Qc5 Qh3 38. Rd8 Ne2+ 39. Kf2 Qxg2+ 40. Kxg2 Reg6+
41. Kf1 Rg1+ 42. Kxe2 Rxh2+ 43. Kd3 1-0

[Event "HEM Meister-Turnier"]
[Site "Frankfurt-Zeilsheim"]
[Date "2018.??.??"]
[Round "7.6"]
[White "Hahn, Florian"]
[Black "Everett, Elijah"]
[Result "1/2-1/2"]
[WhiteElo "2184"]
[BlackElo "2160"]
[PlyCount "45"]
[EventDate "2018.??.??"]
[EventType "swiss"]
[EventRounds "9"]
[EventCountry "GER"]
[WhiteTeam "SC Herborn"]
[BlackTeam "SF Schöneck"]

1. Nf3 Nf6 2. c4 g6 3. g3 Bg7 4. Bg2 O-O 5. Nc3 d6 6. d4 Nc6 7. O-O a6 8. Bf4
Rb8 9. Rc1 Bd7 10. Qd2 b5 11. Nd5 bxc4 12. Nxf6+ Bxf6 13. Rxc4 e5 14. Bh6 Re8
15. dxe5 Nxe5 16. Nxe5 Bxe5 17. b3 Bb5 18. Rc2 c5 19. Bf3 a5 20. Bf4 Qb6 21.
Bxe5 Rxe5 22. Rd1 Rd8 23. Qc3 1/2-1/2

[Event "HEM Meister-Turnier"]
[Site "Frankfurt-Zeilsheim"]
[Date "2018.??.??"]
[Round "7.7"]
[White "Lesny, Florian"]
[Black "Bethke, Richard"]
[Result "0-1"]
[WhiteElo "2018"]
[BlackElo "2193"]
[PlyCount "92"]
[EventDate "2018.??.??"]
[EventType "swiss"]
[EventRounds "9"]
[EventCountry "GER"]
[WhiteTeam "SK Niederbrechen"]
[BlackTeam "SF Neuberg"]

1. e4 e5 2. Nf3 Nc6 3. Bc4 Bc5 4. O-O Nf6 5. d3 d6 6. c3 Bb6 7. Bb3 Ne7 8. Nbd2
c6 9. Nc4 Bc7 10. Re1 O-O 11. Bg5 Ng6 12. Nh4 Nf4 13. Nf5 h6 14. Bh4 Kh7 15.
Nce3 g6 16. Ng4 g5 17. Bg3 Bxf5 18. exf5 Nxg4 19. Bxf4 Nxf2 20. Bxg5 Qxg5 21.
Kxf2 Bb6+ 22. d4 exd4 23. cxd4 Qh4+ 24. g3 Qxh2+ 25. Kf3 Qxb2 26. Re4 d5 27.
Rh4 Rg8 28. Bc2 Kg7 29. Qd2 Qa3+ 30. Kg2 Qd6 31. f6+ Qxf6 32. Rf1 Qg6 33. Rxh6
Qxh6 34. Rxf7+ Kxf7 35. Qxh6 Bxd4 36. Qf4+ Bf6 37. Qc7+ Ke6 38. Qxb7 Rac8 39.
Qxa7 Be5 40. Kh1 Rh8+ 41. Kg2 Rcg8 42. Bf5+ Kxf5 43. Qd7+ Ke4 44. Qxc6 Rxg3+
45. Kf1 Rf8+ 46. Ke2 Rg2+ 0-1

[Event "HEM Meister-Turnier"]
[Site "Frankfurt-Zeilsheim"]
[Date "2018.??.??"]
[Round "7.8"]
[White "Meyner, Hannes"]
[Black "Lutz, Klaus Juergen"]
[Result "1/2-1/2"]
[WhiteElo "2181"]
[BlackElo "2251"]
[PlyCount "35"]
[EventDate "2018.??.??"]
[EventType "swiss"]
[EventRounds "9"]
[EventCountry "GER"]
[WhiteTeam "TG Wehlheiden"]
[BlackTeam "SF Neuberg"]

1. d4 d6 2. c4 f5 3. Nc3 Nf6 4. Nf3 g6 5. g3 Bg7 6. Bg2 O-O 7. O-O Qe8 8. d5 a5
9. Rb1 Na6 10. b3 Bd7 11. Bb2 Nc5 12. Ne1 Qf7 13. Nd3 Nce4 14. Nxe4 Nxe4 15.
Qc1 c6 16. Nf4 g5 17. Bxg7 Qxg7 18. dxc6 1/2-1/2

[Event "HEM Meister-Turnier"]
[Site "Frankfurt-Zeilsheim"]
[Date "2018.??.??"]
[Round "7.9"]
[White "Bonnaire, Ulrich"]
[Black "Ruppert, Wolfgang"]
[Result "0-1"]
[WhiteElo "2208"]
[BlackElo "2165"]
[PlyCount "80"]
[EventDate "2018.??.??"]
[EventType "swiss"]
[EventRounds "9"]
[EventCountry "GER"]
[WhiteTeam "SC Frankfurt-West"]
[BlackTeam "SC Flörsheim"]

1. e4 g6 2. d4 Bg7 3. Nc3 d6 4. Be3 a6 5. Qd2 b5 6. a4 b4 7. Nb1 a5 8. c3 bxc3
9. bxc3 Nf6 10. f3 O-O 11. Bd3 Nbd7 12. Ne2 Nb6 13. c4 Ba6 14. Qc2 c5 15. Na3
Nfd7 16. Rb1 cxd4 17. Nxd4 Rc8 18. Qb3 Nc5 19. Qxb6 Nxd3+ 20. Ke2 Nb4 21. Nb3
Qxb6 22. Bxb6 Bxc4+ 23. Nxc4 Rxc4 24. Nxa5 Rc2+ 25. Ke3 Na2 26. g3 Rfc8 27. Bd4
Nc3 28. Bxg7 Nxb1 29. Bd4 e5 30. Rxb1 exd4+ 31. Kxd4 Ra8 32. Kd3 Rxh2 33. Nb7
Rxa4 34. Nxd6 Ra3+ 35. Kd4 Rxf3 36. Rb8+ Kg7 37. Rb7 Rd2+ 38. Ke5 Rxd6 39. Kxd6
Rxg3 40. e5 Re3 0-1

[Event "HEM Meister-Turnier"]
[Site "Frankfurt-Zeilsheim"]
[Date "2018.??.??"]
[Round "8.1"]
[White "Weber, Samuel"]
[Black "Lubbe, Nikolas"]
[Result "0-1"]
[WhiteElo "2084"]
[BlackElo "2453"]
[PlyCount "204"]
[EventDate "2018.??.??"]
[EventType "swiss"]
[EventRounds "9"]
[EventCountry "GER"]
[WhiteTeam "SV Oberursel"]
[BlackTeam "SF Neuberg"]

1. Nf3 Nf6 2. g3 b6 3. Bg2 Bb7 4. O-O e6 5. d3 d5 6. Nbd2 Be7 7. b3 c5 8. Bb2
O-O 9. Re1 Nbd7 10. e4 d4 11. a4 a6 12. Nc4 b5 13. axb5 axb5 14. Na3 Qb6 15.
Nh4 Ra6 16. Nb1 Rxa1 17. Bxa1 Ra8 18. Nd2 Ra2 19. Qb1 Ra6 20. h3 e5 21. Bb2 Qa7
22. c4 dxc3 23. Bxc3 Ra2 24. Nf5 Bf8 25. Bb2 g6 26. Ne3 Bd6 27. Nd1 Ra6 28. Nc3
Bc6 29. Qc2 Qb7 30. Ra1 Rxa1+ 31. Bxa1 Nf8 32. Nf1 Ne6 33. Ne3 Nd4 34. Qa2 Qa8
35. Qxa8+ Bxa8 36. Ncd5 Nxd5 37. Bxd4 Nb4 38. Bc3 Nxd3 39. Bd2 Nb4 40. Bxb4
cxb4 41. Nd5 Bc6 42. Bf1 Kg7 43. Kg2 f5 44. f3 Kf7 45. Bd3 Ke6 46. Ne3 f4 47.
Nd5 h6 48. g4 Kd7 49. Kf1 Kc8 50. Ke2 Kb7 51. Kd2 Bd7 52. Ke2 Kc6 53. Bc2 Kc5
54. Kd3 Be6 55. Bd1 Bf7 56. h4 Kc6 57. Be2 Bc5 58. Bd1 Bf2 59. h5 gxh5 60. gxh5
Bc5 61. Nf6 Bf8 62. Kc2 Bg7 63. Nd5 Kc5 64. Ne7 Bxh5 65. Nf5 Bf8 66. Kd3 Bf7
67. Bc2 h5 68. Ke2 Kc6 69. Kf1 Bc5 70. Kg2 Bd4 71. Kf1 Bc3 72. Kf2 Kc5 73. Kf1
Bd4 74. Kg2 Be3 75. Kf1 Be6 76. Kg2 Bd4 77. Kf1 Bc4+ 78. Kg2 Be2 79. Ng7 Be3
80. Nf5 Kc6 81. Ne7+ Kd6 82. Nf5+ Kc5 83. Bb1 Bd1 84. Ba2 Kc6 85. Nh4 Kd6 86.
Kf1 Kc5 87. Ke1 Bc2 88. Nf5 Bd3 89. Kd1 Bf2 90. Kd2 Bf1 91. Nh6 h4 92. Ng4 Bg1
93. Ke1 Bg2 94. Nxe5 Kd4 95. Ng6 h3 96. Nxf4 h2 97. Ne2+ Ke3 98. e5 Bf2+ 99.
Kd1 h1=Q+ 100. Kc2 Kxe2 101. e6 Qd1+ 102. Kb2 Bd4# 0-1

[Event "HEM Meister-Turnier"]
[Site "Frankfurt-Zeilsheim"]
[Date "2018.??.??"]
[Round "8.2"]
[White "Alber, Horst"]
[Black "Lagunow, Raphael"]
[Result "0-1"]
[WhiteElo "2290"]
[BlackElo "2368"]
[PlyCount "72"]
[EventDate "2018.??.??"]
[EventType "swiss"]
[EventRounds "9"]
[EventCountry "GER"]
[WhiteTeam "SK Marburg"]
[BlackTeam "SK Zehlendorf"]

1. d4 Nf6 2. c4 e6 3. g3 d5 4. Bg2 Be7 5. Nf3 O-O 6. O-O c6 7. Nc3 b6 8. b3 Ba6
9. Bb2 Nbd7 10. Re1 Rc8 11. e4 dxc4 12. Bf1 b5 13. a4 Qb6 14. a5 Qb8 15. bxc4
bxc4 16. Bc1 e5 17. Rb1 Qc7 18. Qa4 exd4 19. Nxd4 Nc5 20. Qa1 Nd3 21. Bxd3 cxd3
22. Bf4 Qd7 23. Nf5 Nh5 24. g4 Nxf4 25. Nd5 f6 26. Ndxe7+ Kh8 27. Nxc8 Rxc8 28.
Re3 Ng6 29. Qc3 c5 30. g5 fxg5 31. Rg3 Nf4 32. Qe5 Re8 33. Rb8 Bc8 34. Qxe8+
Qxe8 35. Nd6 d2 36. Nxe8 d1=Q# 0-1

[Event "HEM Meister-Turnier"]
[Site "Frankfurt-Zeilsheim"]
[Date "2018.??.??"]
[Round "8.3"]
[White "Bethke, Richard"]
[Black "Kersten, Uwe"]
[Result "1/2-1/2"]
[WhiteElo "2193"]
[BlackElo "2243"]
[PlyCount "28"]
[EventDate "2018.??.??"]
[EventType "swiss"]
[EventRounds "9"]
[EventCountry "GER"]
[WhiteTeam "SF Neuberg"]
[BlackTeam "Kasseler SK"]

1. e4 c5 2. Nf3 d6 3. d4 cxd4 4. Nxd4 Nf6 5. Nc3 a6 6. Be3 e6 7. Be2 Be7 8. O-O
Nc6 9. Nxc6 bxc6 10. f4 O-O 11. Bf3 Nd7 12. Qe1 e5 13. f5 a5 14. Rd1 Rb8
1/2-1/2

[Event "HEM Meister-Turnier"]
[Site "Frankfurt-Zeilsheim"]
[Date "2018.??.??"]
[Round "8.4"]
[White "Lubbe, Melanie"]
[Black "Krastev, Alexander"]
[Result "1-0"]
[WhiteElo "2312"]
[BlackElo "2202"]
[PlyCount "73"]
[EventDate "2018.??.??"]
[EventType "swiss"]
[EventRounds "9"]
[EventCountry "GER"]
[WhiteTeam "SF Neuberg"]
[BlackTeam "Biebertaler SF"]

1. d4 Nf6 2. Nc3 d5 3. Bf4 Bf5 4. f3 e6 5. g4 Bg6 6. h4 h5 7. g5 Nfd7 8. e3 a6
9. Bd3 Bxd3 10. Qxd3 g6 11. e4 c6 12. O-O-O Bg7 13. Nh3 O-O 14. Bd6 Re8 15. f4
Nb6 16. Be5 Nc4 17. Bxg7 Kxg7 18. Rhe1 Qa5 19. a3 Nd7 20. f5 exf5 21. exf5 Qb6
22. b3 Nxa3 23. fxg6 fxg6 24. Re2 Qb4 25. Rde1 Rxe2 26. Rxe2 Qd6 27. Re1 Nb5
28. Ne2 Re8 29. Nhf4 Re4 30. Rf1 a5 31. c4 Nc7 32. c5 Qe7 33. Ng3 b6 34. cxb6
Nxb6 35. Nfxh5+ Kh8 36. Nf4 Nb5 37. Nxg6+ 1-0

[Event "HEM Meister-Turnier"]
[Site "Frankfurt-Zeilsheim"]
[Date "2018.??.??"]
[Round "8.5"]
[White "Everett, Elijah"]
[Black "Zude, Arno"]
[Result "0-1"]
[WhiteElo "2160"]
[BlackElo "2372"]
[PlyCount "170"]
[EventDate "2018.??.??"]
[EventType "swiss"]
[EventRounds "9"]
[EventCountry "GER"]
[WhiteTeam "SF Schöneck"]
[BlackTeam "SV Hofheim"]

1. e4 e5 2. Nf3 Nc6 3. Bb5 a6 4. Ba4 Nf6 5. O-O Be7 6. Re1 b5 7. Bb3 d6 8. c3
O-O 9. h3 Nb8 10. d4 Nbd7 11. Nbd2 Bb7 12. Bc2 Re8 13. Nf1 Bf8 14. Ng3 c5 15.
d5 g6 16. Bg5 h6 17. Be3 c4 18. Qd2 h5 19. a4 Qc7 20. Ra3 Nc5 21. axb5 axb5 22.
Rea1 Nfd7 23. Rxa8 Rxa8 24. Rxa8 Bxa8 25. Ne2 Bb7 26. Qd1 Qa5 27. Nd2 Be7 28.
Qb1 Bd8 29. b4 cxb3 30. Nxb3 Nxb3 31. Qxb3 Bb6 32. Bxb6 Qxb6 33. Qb4 Bc8 34.
Bd3 Nc5 35. Bb1 Bd7 36. Kf1 Qa6 37. Ke1 Kf8 38. Nc1 Qa1 39. Kd2 Ke7 40. Bc2 h4
41. Qb1 Qa8 42. Qb4 Qh8 43. Nd3 Qh6+ 44. Kd1 Qh5+ 45. Ke1 Nxd3+ 46. Bxd3 Qg5
47. Bxb5 Qc1+ 48. Ke2 Qc2+ 49. Ke1 Bxb5 50. Qxb5 Qxe4+ 51. Kf1 Qc2 52. Qb7+ Kf6
53. Kg1 Qxc3 54. Qb8 Qc1+ 55. Kh2 Qf4+ 56. Kg1 e4 57. Qe8 g5 58. Qh8+ Ke7 59.
Qd4 Qe5 60. Qd2 Kf6 61. Kh1 Kf5 62. Qd1 Kg6 63. Qb3 f6 64. Qb7 e3 65. fxe3 Qxe3
66. Qa8 Qe1+ 67. Kh2 Qe5+ 68. Kh1 Kf5 69. Qc8+ Ke4 70. Qe6 Kd4 71. Kg1 f5 72.
Kf2 f4 73. Kg1 Qxd5 74. Qd7 Ke3 75. Kh2 f3 76. Qa7+ Qc5 77. Qf7 fxg2 78. Qf2+
Kd3 79. Qf3+ Kd4 80. Qf2+ Kc3 81. Qf3+ Kd4 82. Qf2+ Ke5 83. Qe2+ Kf6 84. Qf3+
Qf5 85. Qxg2 Qe5+ 0-1

[Event "HEM Meister-Turnier"]
[Site "Frankfurt-Zeilsheim"]
[Date "2018.??.??"]
[Round "8.6"]
[White "Humburg, Philipp"]
[Black "Hahn, Florian"]
[Result "0-1"]
[WhiteElo "2219"]
[BlackElo "2184"]
[PlyCount "78"]
[EventDate "2018.??.??"]
[EventType "swiss"]
[EventRounds "9"]
[EventCountry "GER"]
[WhiteTeam "Kasseler SK"]
[BlackTeam "SC Herborn"]

1. e4 c5 2. Nf3 g6 3. d4 cxd4 4. Nxd4 Nf6 5. Nc3 d6 6. Be2 Bg7 7. O-O O-O 8.
Bg5 Nc6 9. Nb3 Be6 10. Kh1 Rc8 11. Rb1 Re8 12. f4 a6 13. f5 Bd7 14. Qe1 Ne5 15.
Qh4 Bc6 16. Nd4 b5 17. Nxc6 Rxc6 18. Bd3 Rc5 19. Ne2 Qa8 20. b4 Rcc8 21. Rb3
Qb7 22. Ng3 Rc7 23. Bh6 Bh8 24. Qg5 Qc8 25. h4 Rc3 26. h5 Rxb3 27. axb3 Nfg4
28. fxg6 fxg6 29. hxg6 hxg6 30. Be2 Nxh6 31. Qxh6 Bg7 32. Qd2 Bf6 33. Qd5+ Kg7
34. c4 Rf8 35. Kg1 Bg5 36. Qd4 Bf6 37. Qa7 Nc6 38. Bg4 Qxg4 39. Qb6 Qxg3 0-1